1面1線の大手私鉄駅 - Statistics

General Stats
  • This quiz has been taken 104 times
    67 since last reset
  • The average score is 28 of 104
Answer Stats
Hint Answer % Correct
東京メトロ 北綾瀬
63%
名鉄 | 東急 こどもの国
54%
名鉄 蒲郡競艇場前
46%
西武 西武園ゆうえんち
44%
東武 東武ワールドスクウェア
42%
東武 みなみ寄居
42%
名鉄 御嵩
42%
名鉄 西尾口
40%
名鉄 玉ノ井
40%
名鉄 新羽島
40%
京急 逗子・葉山
37%
名鉄 上野間
37%
名鉄 美浜緑苑
37%
近鉄
37%
東武 大師前
35%
西武 是政
35%
京成 京成金町
35%
名鉄 御嵩口
35%
名鉄 江吉良
35%
近鉄 大和上市
35%
東武 玉淀
33%
西武 競艇場前
33%
京成 千葉寺
33%
名鉄 西一宮
33%
名鉄 奥町
33%
近鉄
33%
近鉄 柏原南口
33%
京成 おゆみ野
32%
名鉄 諏訪町
32%
名鉄 碧海古井
32%
名鉄 東名古屋港
32%
名鉄 野間
32%
名鉄 五ノ三
32%
名鉄 顔戸
32%
名鉄 竹鼻
32%
西武 武蔵大和
30%
西武 多磨
30%
名鉄 明智
30%
名鉄 小牧原
30%
名鉄 不破一色
30%
南海 伽羅橋
30%
南海 高師浜
30%
南海 深日港
30%
東武 小泉町
28%
西武 青梅街道
28%
西武 八坂
28%
名鉄 北安城
28%
名鉄 堀内公園
28%
名鉄 碧南中央
28%
東武 葛生
26%
名鉄 桜町前
26%
名鉄 三河鹿島
26%
近鉄 薬水
26%
南海 深日町
26%
阪神 洲先
26%
阪急 甲陽園
26%
名鉄 観音寺
25%
名鉄 開明
25%
名鉄 羽黒
25%
近鉄 佐味田川
25%
近鉄 忍海
25%
名鉄 平戸橋
23%
名鉄 山崎
23%
名鉄 二子
23%
名鉄 柳津
23%
名鉄 須賀
23%
近鉄 平田町
23%
近鉄 富田林西口
23%
名鉄 高浜港
21%
名鉄 玉野
21%
近鉄 池部
21%
近鉄 大羽根園
21%
近鉄 三日市
21%
東武 阿左美
19%
東武 西大家
19%
名鉄 吉浜
19%
名鉄 味岡
19%
近鉄 但馬
19%
近鉄 服部川
19%
近鉄 汐ノ宮
19%
近鉄 黒田
18%
南海 上古沢
18%
近鉄 元山上口
16%
近鉄 勢野北口
16%
西鉄 西鉄中島
16%
西鉄 馬田
16%
東武 篠塚
14%
東武 武州唐沢
14%
近鉄 竜田川
14%
近鉄 川西
14%
西鉄 香椎花園前
14%
東武 東武和泉
12%
西鉄 矢加部
12%
西鉄 徳益
12%
西鉄 五郎丸
12%
南海 西ノ庄
11%
西鉄 上浦
11%
西鉄 大堰
11%
西鉄 古賀茶屋
11%
西鉄 大城
9%
西鉄 香椎宮前
9%
近鉄 梅屋敷
7%
近鉄 霞ヶ丘
7%
No matching quizzes found
Score Distribution
Percent of People with Each Score
Percentile by Number Answered
Your Score History
You have not taken this quiz since the last reset